000 00659nam a2200181 i 4500
001 72362
003 ES-MaACL
005 20250813234823.0
007 t|
008 040831s1922 sp |||| | spa d
100 1 _aGiral, José,
_d1879-1962
_957181
245 1 0 _aAlimentación y oceanografía
_b: conferencia dada en San Sebastián... con motivo de las fiestas de Juan Sebastián del Cano, en septiembre de 1922 /
_cJosé Giral.
260 _a[San Sebastián :
_bSociedad Oceanográfica de Guipúzcoa],
_c1922 (
_fTip. Baroja)
300 _a19 p. ;
_c24 cm.
650 0 7 _aAlimentos
_2embne
_99730
852 _aES-MaACL
_j1664-F-14
999 _c72362
_d72362